Pokémon di tipo Terra - Statistics

Statistiche generali
  • Questo quiz è stato fatto 17 volte
  • Il punteggio medio è 64 su 93
Statistiche sulle risposte
Numero Pokédex Nazionale Tipo Tipo Pokémon % Corretto
74 Roccia Terra Geodude
100%
76 Roccia Terra Golem
100%
75 Roccia Terra Graveler
100%
464 Terra Roccia Rhyperior
100%
444 Drago Terra Gabite
93%
445 Drago Terra Garchomp
93%
443 Drago Terra Gible
93%
445 Drago Terra MegaGarchomp
93%
112 Terra Roccia Rhydon
93%
111 Terra Roccia Rhyhorn
93%
27 Terra Terra Sandshrew
93%
28 Terra Terra Sandslash
93%
493 Terra Terra Arceus (Terra)
87%
343 Terra Psico Baltoy
87%
323 Fuoco Terra Camerupt
87%
344 Terra Psico Claydol
87%
330 Terra Drago Flygon
87%
207 Terra Volante Gligar
87%
472 Terra Volante Gliscor
87%
246 Roccia Terra Larvitar
87%
473 Ghiaccio Terra Mamoswine
87%
259 Acqua Terra Marshtomp
87%
323 Fuoco Terra MegaCamerupt
87%
260 Acqua Terra MegaSwampert
87%
34 Veleno Terra Nidoking
87%
31 Veleno Terra Nidoqueen
87%
322 Fuoco Terra Numel
87%
95 Roccia Terra Onix
87%
221 Ghiaccio Terra Piloswine
87%
247 Roccia Terra Pupitar
87%
260 Acqua Terra Swampert
87%
220 Ghiaccio Terra Swinub
87%
328 Terra Terra Trapinch
87%
329 Terra Drago Vibrava
87%
339 Acqua Terra Barboach
80%
50 Terra Terra Diglett
80%
50 Terra Acciaio Diglett (Forma di Alola)
80%
51 Terra Terra Dugtrio
80%
383 Terra Terra Groudon
80%
383 Terra Fuoco Groudon (Archeorisveglio)
80%
208 Acciaio Terra MegaSteelix
80%
551 Terra Buio Sandile
80%
208 Acciaio Terra Steelix
80%
340 Acqua Terra Whiscash
80%
529 Terra Terra Drilbur
73%
530 Terra Acciaio Excadrill
73%
552 Terra Buio Krokorok
73%
553 Terra Buio Krookodile
73%
290 Coleottero Terra Nincada
73%
389 Erba Terra Torterra
73%
423 Acqua Terra Gastrodon
67%
449 Terra Terra Hippopotas
67%
450 Terra Terra Hippowdon
67%
645 Terra Volante Landorus (Forma Incarnazione)
67%
645 Terra Volante Landorus (Forma Totem)
67%
536 Acqua Terra Palpitoad
67%
195 Acqua Terra Quagsire
67%
537 Acqua Terra Seismitoad
67%
194 Acqua Terra Wooper
67%
194 Veleno Terra Wooper (Forma di Paldea)
67%
413 Coleottero Terra Wormadam (Manto Sabbia)
67%
104 Terra Terra Cubone
60%
660 Normale Terra Diggersby
60%
622 Terra Spettro Golett
60%
623 Terra Spettro Golurk
60%
105 Terra Terra Marowak
60%
618 Terra Elettro Stunfisk
60%
618 Terra Acciaio Stunfisk (Forma di Galar)
60%
769 Spettro Terra Sandygast
53%
980 Veleno Terra Clodsire
47%
232 Terra Terra Donphan
47%
51 Terra Acciaio Dugtrio (Forma di Alola)
47%
770 Spettro Terra Palossand
47%
231 Terra Terra Phanpy
47%
773 Terra Terra Silvally (Tipo Terra)
47%
718 Drago Terra Zygarde (Forma 10%)
47%
718 Drago Terra Zygarde (Forma 50%)
47%
718 Drago Terra Zygarde (Forma Perfetta)
47%
989 Elettro Terra Peldisabbia
40%
867 Terra Spettro Runerigus
40%
948 Terra Erba Toedscool
40%
949 Terra Erba Toedscruel
40%
984 Terra Lotta Grandizanne
33%
844 Terra Terra Sandaconda
33%
844 Terra Terra Sandaconda Gigamax
33%
843 Terra Terra Silicobra
33%
1003 Buio Terra Ting-Lu
33%
990 Terra Acciaio Solcoferreo
27%
749 Terra Terra Mudbray
20%
750 Terra Terra Mudsdale
20%
901 Terra Normale Ursaluna
20%
901 Terra Normale Ursaluna (Luna Cremisi)
20%
562 Terra Spettro Yamask (Forma di Galar)
20%
Nessun quiz corrispondente trovato
Distribuzione punteggi
Percentuale di utenti per punteggio
Percentile per numero di risposta
I tuoi punteggi nel tempo
Non hai fatto questo quiz